00665cam a22002291 4500001000800000005001700008008004100025010001700066040001700083041000800100043002100108080001000129082001400139100000700153101000800160245005000168504003000218906004500248942001200293999001700305952011300322405492320180312083956.0751021s1946 nyuabc b 001 0 eng  a 46008113  aDLCcWadDLC aeng an-us---an-us-va a973.700a973.7 DOW1 a16 aHIS10aExperiment in rebellion,cby Clifford Dowdey. aBibliography: p. 436-442. a7bcbccorignewdueocipf19gy-gencatlg 2ddccBK c44749d44749 00102udc40708PËKGa002b002cPËKGd2018-03-12l0o973.7 DOWp002-3001794r2018-03-12w2018-03-12yBK